000 00385nam a2200145Ia 4500
008 210210b1974 xxu||||| |||| 00| 0 eng d
082 _a342.029 SHAC
100 _aSHARMA (Ram).
245 _aConstitutional history of India.
260 _aBombay
_bOrient Longman Ltd
_c1974
300 _a460
650 _aConstitutional history
690 _aIndian Constitution
906 _aSG00588
999 _c112337
_d112337